00605nam a2200181Ia 4500008004100000041001200041082001600053100001500069245007000084250000800154260002500162300001000187650001800197700001500215942000700230999001500237952017100252221030s9999 xx 000 0 und d aEnglish a105.23bKha aM. Y. Khan 0aFinancial Management : Text & Problemscby M. Y. Khan, P. K. Jain a3rd bTMHaNew Delhic2003 a20.20 aBE Management aP. K. Jain cBK c8400d8400 pBE 6799g245.00l0o105.23 Khar2024-06-13 00:00:00w2022-10-30yBK003Print4070aMIETLIBbMIETLIBcBL-Academic Block-a, FL-1, CUP-39, SH-3, R-3d2003-06-2510HBE